Marvel Legendary - Random Card Name to Hero - Statistics

General Stats
  • This quiz has been taken 285 times
    84 since last reset
  • The average score is 10 of 20
Answer Stats
Card Name Hero % Correct
Soulblast Adam Warlock
100%
Manifest the Soul Gem Adam Warlock
100%
Build the Strike Team Agent Phil Coulson
100%
Fake but Inspiriing Death Agent Phil Coulson
100%
Multi-Gun Agent Venom
100%
Paramilitary Ops Agent X-13
100%
Up the Ante Ant Army
100%
Pym Particles Ant-Man
100%
Shrink Away Ant-Man
100%
Bug Swarm Ant-Man
100%
Giant-Man Ant-Man
100%
Disrupt Circuits Apocalyptic Kitty Pryde
100%
All-Terrain Barbarian Arkon the Magnificent
100%
Northern Lights Aurora & Northstar
100%
Multi-Variate Smackulus Beast
100%
Hope of the Korbinites Beta Ray Bill
100%
Speak No Words Black Bolt
100%
Hypersonic Scream Black Bolt
100%
Jinx Black Cat
100%
King of Wakanda Black Panther
100%
Wakanda Forever Black Panther
100%
Weave a Web of Spies Black Widow
100%
Vampiric Surge Blade
100%
Hydra Half-Wit Bob, Agent of Hydra
100%
Solve the Impossible Bruce Banner
100%
Gamma Ray Experiment Bruce Banner
100%
Hulkbuster Armor Bruce Banner
100%
Perfect Aim Bullseye
100%
Carry to the Air Cannonball
100%
Diving Block Captain America
100%
Bold Leadership Captain America, Secret Avenger
100%
Kree Genetics Captain Mar-Vell
100%
Carnivore Carnage
100%
Darkness / Light Cloak & Dagger
100%
Invulnerability Colossus
100%
Reliable / Unpredictable Colossus & Wolverine
100%
Let None Escape You Corvus Glaive
100%
Radar Sense Daredevil
100%
Listen for Heartbeats Daredevil Noir
100%
Hitting Rock Bottom Daredevil Noir
100%
Balance the Darkforce Darkhawk
100%
Deadpool Rage! Deadpool
100%
Reanimate Into Service Deathlok
100%
Headlok Deathlok
100%
Flesh-Grafted Doombots Doctor Doom 2099
100%
Invoke the Time Stone Doctor Strange
100%
Bind Evil Doctor Strange
100%
Staff of Legba Doctor Voodoo
100%
Lucky Break Domino
100%
Nothing Goes Over my Head Drax
100%
Dual Knives Drax
100%
Eigth Time's A Charm Dr. Octopus
100%
Fly in a Friend Falcon
100%
Misdirection Fantomex
100%
B.F.G. Forge
100%
Mystics Freedom Fighters
100%
Quaz Freedom Fighters
100%
Galactic Assassin Gamora
100%
Guardians Escape Gamora
100%
The Infinity Crusher Gamora, Destroyer of Thanos
100%
Hell on Wheels Ghost Rider
100%
Seize the Throne / Hulk is King Gladiator Hulk
100%
Goblin Glider Green Goblin
100%
Absorb Metal Greithoth
100%
Head of Security Happy Hogan
100%
Firelord Heralds of Galactus
100%
Galactus Hungers Heralds of Galactus
100%
Friendly Neighborhood... High Tech Spider-Man
100%
Unstoppable Hulk Hulk
100%
Hothead Human Torch
100%
Focus Chi Iron Fist
100%
Alias Investigations Jessica Jones
100%
Threaten and Bribe Joe Fixit, Grey Hulk
100%
Light a Spark Jubilee
100%
Temporary Possession Karma
100%
Karmic Balance Karma
100%
Shatter the Weak Point Karnak
100%
Nothing Beats Rock Korg
100%
Unstoppable Sledge Kuurth
100%
Winged Helm Lady Sif
100%
Mysterious Origin Lady Thor
100%
Heir to the Hammer Lady Thor
100%
Unbreakable Skin Luke Cage
100%
Wield the Soulsword Magik
100%
Magnetic Levitation Magneto
100%
Form From Ooze Man-Thing
100%
Empathic Bond Mantis
100%
Royal Command Medusa
100%
Metamorphosis / Hive King Miek Miek, the Unhived
100%
Dreams Made Real Mirage
100%
Peaceful Meditation Moondragon
100%
Lunar Communion Moon Knight
100%
Crescent Moon Darts Moon Knight
100%
Golden Ankh of Khonshu Moon Knight
100%
It's Morbin' Time! Morbius
100%
Unstable Molecules Mr. Fantastic
100%
Star Power Ms. America
100%
Kick a Hole in Reality Ms. America
100%
Long Arm of the Law Ms. Marvel
100%
Me. Myself, and I Multiple Man
100%
Finding Myself Multiple Man
100%
Feed the Sharks Namor
100%
Pull of the Tides Nerkkod
100%
High-Tech Weaponry Nick Fury
100%
Bursting with Life / Torrent of Broodlings No-Name, Brood Queen
100%
Growing Nova Force Nova
100%
Loner Old Man Logan
100%
Worthy of the Lightning Party Thor
100%
New Generation of Heroes Patriot
100%
Spider-Man Unmasked Peter Parker
100%
Ned Peter's Allies
100%
Michelle Peter's Allies
100%
May Parker Peter's Allies
100%
Obliterating Fire Phoenix
100%
Reincarnating Phoenix Phoenix
100%
Ride the Magnetic Waves Polaris
100%
Reshape Reality Psi-Lord
100%
The Punisher Punisher
100%
Jittery Impatience Quicksilver
100%
Caught in Kree-Skrull War / The Destiny Force Rick Jones
100%
Baby Groot Rocket & Groot
100%
Vengeance is Rocket Rocket Raccoon
100%
Copy Powers Rogue
100%
Mysterious Identity Ronin
100%
Chaos Magic Scarlet Witch
100%
Agoraphobia / Golden Guardian of Good Sentry
100%
Hurl Legal Objections / Hurl Trucks She-Hulk
100%
Jade Giantess She-Hulk
100%
Silk Stalking Silk
100%
Echolocation Siryn
100%
Hammer of the Serpent Skadi
100%
Merc's Gotta Get Paid Solo
100%
Cut in Half Solo
100%
Possessed by the Soulsword Soulsword Colossus
100%
Rescue My Family From Hell Soulsword Colossus
100%
The Amazing Spider-Man Spider-Man
100%
Spider-Totem's Chosen Spider-Man Noir
100%
Hadron Enforcer Star-Lord
100%
Shrink to Nothing Stature
100%
Crust Ants / Crush File Sizes Stature / Iron Lad
100%
PHD in Oceanography Stingray
100%
X-Factor Investigations Strong Guy
100%
Solar-Powered Sunspot
100%
Optimized Technology Superior Iron Man
100%
#Humblebrag Superior Iron Man
100%
Rock Solid Super-Skrull
100%
Thwip! Symbiote Spider-Man
100%
Revel in Destruction Thanos
100%
Jurassic America The Captain and the Devil
100%
Oshtur The Vishanti
100%
Knuckle Sandwich Thing
100%
Odinson Thor
100%
Divine Lightning Thor
100%
Little Grey Area Tony Stark
100%
Beloved Behemoth Totally Awesome Hulk
100%
Break the Oath Uatu, the Watcher
100%
Web-Slinger Ultimate Spider-Man
100%
Devour Venom
100%
Insatiable Hunger Venom
100%
Digest That Chimichanga Venompool
100%
Play to the Crowd Venompool
100%
Expanding Neural Network Viv Vision
100%
Hold On / Let Go Wanda & Vision
100%
Tiny Winged Justice Wasp
100%
Flitting Sting Wasp
100%
Infuse Skeleton with Adamantium Weapon X (Wolverine)
100%
Escape the Weapon X Lab Weapon X (Wolverine)
100%
Release the Beast Werewolf by Night
100%
Camouflaged Huntress White Tiger
100%
Nocturnal Savagery Wolfsbane
100%
Keen Senses Wolverine
100%
Frenzied Slashing Wolverine
100%
Animal Instincts Wolverine
100%
Whistling Arrow Yondu
100%
Fateful Bridge Spider-Gwen
67%
Hitch a Ride Ant-Man
50%
It'll Grow Back Deadpool
50%
Dirty Work Forge
50%
Massive Gamma Detonation Hulk 2099
50%
Take the High Ground Jentorra
50%
Blasting Fireworks Jubilee
50%
Take a Bullet for the Team Luke Cage
50%
Metabolic Overdrive Marrow
50%
Hacktivist Rick Jones
50%
Massive Earthquake Rictor
50%
Gumshoe's Revolver Spider-Man Noir
50%
Arachno-Pheromones Spider-Woman
50%
Expandable Helmet Star-Lord
50%
Galactic Domination Thanos
50%
Incredible Mind, Awesome Body Totally Awesome Hulk
50%
Earthling Choices Warlock
50%
Hypersonic Cannon War Machine
50%
Endless Endurance Warpath
50%
2>4 Winter Soldier
50%
Blazing Flare / Blazing Fists Aurora & Northstar
33%
Cosmic Energies Captain Marvel
33%
Vibranium Experiments Princess Shuri
33%
Leap of the Tiger Sabretooth
33%
Coruscating Vengeance Photon
25%
Transmute Matter Adam Warlock
0%
Regenerative Cocoon Adam Warlock
0%
Impeccable Planning Agent Phil Coulson
0%
Approve Orbital Strike Agent Phil Coulson
0%
Government Payroll Agent Venom
0%
Big Slimeportunity Agent Venom
0%
Shapeshifting Symbiote Agent Venom
0%
Sniper Squad Agent X-13
0%
Spy Network Agent X-13
0%
Mobilize for War Agent X-13
0%
Extrapolate Amadeus Cho
0%
Gamma-Draining Nanites / Like Totally Smart Hulk Amadeus Cho
0%
Renegade Genius Amadeus Cho
0%
Visualize the Variables Amadeus Cho
0%
High-Speed Chase Angel
0%
Diving Catch Angel
0%
Drop off a Friend Angel
0%
Strength of Spirit Angel
0%
Impetuous Dive Angel Noir
0%
Multitalented Angel Noir
0%
Identical Twin Brother Angel Noir
0%
Missing Person Case Angel Noir
0%
Antagonize Ant Army
0%
Anticipate Ant Army
0%
Antiproton Experiments Ant Army
0%
Anti-Tank Weapons Ant Army
0%
Revolutionary Anthem Ant Army
0%
Ride the Ants Ant-Man
0%
Risky Science Ant-Man
0%
Giant Ego Ant-Man
0%
Look Out for the Little Guy! Ant-Man
0%
Tiny Little Risk Ant-Man
0%
Humanity's Final Hope Apocalyptic Black Widow
0%
Plant Hidden Asset Apocalyptic Black Widow
0%
Precision Strike Apocalyptic Black Widow
0%
Relentless Apocalyptic Black Widow
0%
The Last Avenger Apocalyptic Black Widow
0%
Time to Save the Multiverse Apocalyptic Black Widow
0%
Infiltrate HQ Apocalyptic Kitty Pryde
0%
Phase Out Apocalyptic Kitty Pryde
0%
Untouchable Apocalyptic Kitty Pryde
0%
Quiver of Thunderbolts Arkon the Magnificent
0%
Warlord of Open Spaces Arkon the Magnificent
0%
Lord of Dragons Arkon the Magnificent
0%
Twin Blast Aurora & Northstar
0%
Mach 10 Aurora & Northstar
0%
Sonar Detection Banshee
0%
Speed of Sound Banshee
0%
Sonic Blastwave Banshee
0%
Bone-Shattering Howl Banshee
0%
Balanced Attack Beast
0%
Upside-Down Thinking Beast
0%
Doctor of Beatdown Beast
0%
Captivating Conundrum Beast
0%
Furry Fury Beast
0%
Calculated Rage Beast
0%
Recursive Pummeling Beast
0%
Bio-Engineered Cyborg Beta Ray Bill
0%
Stormbreaker Beta Ray Bill
0%
The Warship Skuttlebutt Beta Ray Bill
0%
Whatever the Cost Bishop
0%
Absorb Energies Bishop
0%
Concussive Blast Bishop
0%
Firepower from the Future Bishop
0%
Destructive Whisper Black Bolt
0%
Silence is Golden Black Bolt
0%
Break the Silence Black Bolt
0%
Wordless Murmur Black Bolt
0%
Declaration of War Black Bolt
0%
The King's Speech Black Bolt
0%
Pickpocket Black Cat
0%
Casual Bank Robbery Black Cat
0%
Cat Burglar Black Cat
0%
Amulet of Avalon Black Knight
0%
Defend the Weak Black Knight
0%
Flying Steed Black Knight
0%
The Ebony Blade Black Knight
0%
Catlike Reflexes Black Panther
0%
Multifaceted Genius Black Panther
0%
Stalk the Urban Jungle Black Panther
0%
Avengers Reassembled Black Panther
0%
Great Many Lives Lost Black Panther
0%
Council of War Black Panther
0%
Vibranium Nanites Black Panther
0%
Fateful Return Black Panther
0%
Apocalyptic Vision Black Swan
0%
Witness the End Black Swan
0%
Dark Foretelling Black Swan
0%
Telepathic Control Black Swan
0%
Mission Accomplished Black Widow
0%
Dangerous Rescue Black Widow
0%
Covert Operation Black Widow
0%
Silent Sniper Black Widow
0%
Evasive Acrobatics Black Widow
0%
Widow's Bite Black Widow
0%
Infiltrate the Conspiracy Black Widow
0%
Stalk the Prey Blade
0%
Night Hunter Blade
0%
Nowhere to Hide Blade
0%
Where Monsters Lurk Blade, Daywalker
0%
Ride by Moonlight Blade, Daywalker
0%
Hunt High And Low Blade, Daywalker
0%
Creature of Dawn and Dusk Blade, Daywalker
0%
Bullets Flying, Bob Hiding Bob, Agent of Hydra
0%
How Do I Get Out of Here? Bob, Agent of Hydra
0%
Epic Middle Manager Bob, Agent of Hydra
0%
Time Loop Experiments Brainstorm
0%
Borrow From the Future Brainstorm
0%
Re-Program Doombot Legions Brainstorm
0%
Protègè of Dr. Doom Brainstorm
0%
Gamma Bomb Disaster / Savage Hulk Unleashed Bruce Banner
0%
Dangerous Testing Bruce Banner
0%
Burst of Rage Bruce Banner
0%
Brains and Brawn Bruce Banner
0%
Hulk Gets Smashed Bruce Banner
0%
Crush Puny Weaklings Bruce Banner
0%
Reverse the Snap Bruce Banner
0%
Fulfill the Contract Bullseye
0%
Everything's a Weapon Bullseye
0%
Specialist Assassin Bullseye
0%
Disaster Survivalist Cable
0%
Strike at the Heart of Evil Cable
0%
Rapid Response Force Cable
0%
Army of One Cable
0%
Shadow Queen Caiera
0%
Shadowforged Blade Caiera
0%
Focus the Old Power Caiera
0%
Dutiful Protector / Vengeful Destructor Caiera
0%
Kinetic Blast Field Cannonball
0%
Natural Leader Cannonball
0%
Human Cannon Cannonball
0%
Avengers Assemble! Captain America
0%
Perfect Teamwork Captain America
0%
A Day Unlike Any Other Captain America
0%
Devoted Patriot Captain America 1941
0%
Storm the Beachhead Captain America 1941
0%
Liberate the Prisoners Captain America 1941
0%
Punch Evil in the Face Captain America 1941
0%
Aerial Catch Captain America (Falcon)
0%
Winged Salvation Captain America (Falcon)
0%
Flying Shield Block Captain America (Falcon)
0%
Star-Spangled Hero Captain America (Falcon)
0%
Secret Avengers Assemble! Captain America, Secret Avenger
0%
Freedom Never Dies Captain America, Secret Avenger
0%
Inspire a Nation / Inspire a Man Captain America, Secret Avenger / Battlestar
0%
Transatlantic Savior Captain Britain
0%
Combined Strength Captain Britain
0%
Raise the Union Jack Captain Britain
0%
Lead the Captain Britain Corps Captain Britain
0%
Super Soldier Serum Captain Carter
0%
Wartime Logistics Captain Carter
0%
Coordinated Assault Captain Carter
0%
The Shield of Britain Captain Carter
0%
Give Them All We've Got Captain Carter
0%
Icon of Hope Captain Carter
0%
Absorb Energies Captain Marvel
0%
Supersonic Flight Captain Marvel
0%
Marvelous Strength Captain Marvel
0%
Infused by the Tesseract Captain Marvel
0%
Return from the Stars Captain Marvel
0%
Turning Point Captain Marvel
0%
Dawning Hope Captain Marvel
0%
Moment of Destiny Captain Marvel
0%
Time to End It Captain Marvel
0%
The Sword of S.H.I.E.L.D. Captain Marvel, Agent of S.H.I.E.L.D.
0%
Radiant Blast Captain Marvel, Agent of S.H.I.E.L.D.
0%
Dominate the Battlefield Captain Marvel, Agent of S.H.I.E.L.D.
0%
Higher, Further, Faster Captain Marvel, Agent of S.H.I.E.L.D.
0%
Cosmic Awareness Captain Mar-Vell
0%
Channel the Nega-Bands Captain Mar-Vell
0%
Protector of the Universe Captain Mar-Vell
0%
Rending Claws Carnage
0%
Gruesome Feast Carnage
0%
Feast or Famine Carnage
0%
Start Small Cassie Lang
0%
Giant Hug Cassie Lang
0%
Colossal Stomp Cassie Lang
0%
Quantum Beacon Cassie Lang
0%
Learn from the Past Cassie Lang
0%
Inspire Revolution Cassie Lang
0%
Prepare Dark Magic Clea
0%
Demonic Descendant Clea
0%
Bind the Dark Dimension Clea
0%
The Purple Gem Clea
0%
Above / Below Cloak & Dagger
0%
Flee / Fight Cloak & Dagger
0%
Penumbra Cloak & Dagger
0%
Draw Their Fire Colossus
0%
Silent Statue Colossus
0%
Russian Heavy Tank Colossus
0%
Fastball Special Colossus & Wolverine
0%
Insane Disregard for Danger Colossus & Wolverine
0%
Uncanny X-Men Colossus & Wolverine
0%
Culling Blade Corvus Glaive
0%
Rictus Grin Corvus Glaive
0%
Atom-Splitting Glaive Corvus Glaive
0%
Earth, Air, Fire, and Water Crystal
0%
Master the Four Elements Crystal
0%
Elemental Princess Crystal
0%
Weave Four Into One Crystal
0%
Determination Cyclops
0%
Optic Blast Cyclops
0%
Unending Energy Cyclops
0%
X-Men United Cyclops
0%
Backflip Daredevil
0%
Blind Justice Daredevil
0%
The Man Without Fear Daredevil
0%
Dual Existence Daredevil
0%
Roundhouse Side Kick Daredevil
0%
Master of Martial Arts Daredevil
0%
Hidden Identity / Revealed Identity Daredevil / Iron Fist
0%
Balancing Act Daredevil Noir
0%
Discover the Bodies Daredevil Noir
0%
Hawk Dive Darkhawk
0%
Travel to Nullspace Darkhawk
0%
Warflight Darkhawk
0%
Convert Sound to Light Dazzler
0%
Dazzling Glamour Dazzler
0%
Citywide Mega-Concert Dazzler
0%
Inspire the World Dazzler
0%
Here, Hold This For a Second Deadpool
0%
Oddball Deadpool
0%
Hey, Can I Get an Do Over? Deadpool
0%
Random Acts of Unkindness Deadpool
0%
Nighttime is the Right Time Deadpool
0%
Running Commentary Deadpool
0%
Authorize Lethal Force Deathlok
0%
Behind Enemy Lines Deathlok
0%
Subvert This New Future Doctor Doom 2099
0%
Doomblast Doctor Doom 2099
0%
Tear Through Time Itself Doctor Doom 2099
0%
Wand of Watoomb Doctor Strange
0%
Keeper of the Sanctum Doctor Strange
0%
Book of Cagliostro Doctor Strange
0%
The Eye of Agamotto Doctor Strange
0%
Open Portals Doctor Strange
0%
Defend this Dimension Doctor Strange
0%
Sift Futures Doctor Strange
0%
1 in 14,000,065 Doctor Strange
0%
Sieze Infernal Power Doctor Strange Supreme
0%
Summon Demon Minions Doctor Strange Supreme
0%
Wards of the Vishanti Doctor Strange Supreme
0%
To Save Christine Doctor Strange Supreme
0%
Break the Absolute Point in Time Doctor Strange Supreme
0%
Stygian Communion Doctor Strange Supreme
0%
Commune with the Spirit World Doctor Voodoo
0%
Medallion of Many Loas Doctor Voodoo
0%
Possessed by Brother's Spirit Doctor Voodoo
0%
Ready for Anything Domino
0%
Specialized Ammunition Domino
0%
Against All Odds Domino
0%
Revenge for my Family Drax
0%
I am Invisible / Xandar is Invincible Drax / Imani Rael
0%
Prison Riot Drax / Imani Rael
0%
Remove his Spine / Also Illegal Drax / Rhomann Dey
0%
Knives of the Hunter Drax the Destroyer
0%
Interstellar Tracker Drax the Destroyer
0%
The Destroyer Drax the Destroyer
0%
Avatar of Destruction Drax the Destroyer
0%
Brilliant Research Dr. Octopus
0%
Crazed Experiments Dr. Octopus
0%
Octo-Pulverize Dr. Octopus
0%
Sweep the Streets of Trash Dr. Punisher the Soldier Supreme
0%
You're A Slow Learner Dr. Punisher the Soldier Supreme
0%
Ice Magic Dr. Punisher the Soldier Supreme
0%
Calm Before the Storm Dr. Punisher the Soldier Supreme
0%
Trust Me, I'm a Doctor Dr. Strange
0%
Cloak of Levitation Dr. Strange
0%
Fight the Future Dr. Strange
0%
Sorcerer Supreme Dr. Strange
0%
Electroshock Therapy Electro
0%
Shocking Robbery Electro
0%
Supercharge Electro
0%
Anti-Matter Electro
0%
First Strike Elektra
0%
Ninjitsu Elektra
0%
Sai Blades Elektra
0%
Silent Meditation Elektra
0%
Monster Hunter Elsa Bloodstone
0%
Bloodstone Pendant Elsa Bloodstone
0%
Defend the S.H.I.E.L.D. Wall Elsa Bloodstone
0%
Prodigy of Ulysses Bloodstone Elsa Bloodstone
0%
Axe of the Slayer Elsa Bloodstone
0%
Silver Bullets Elsa Bloodstone
0%
Stalk the Night Stalkers Elsa Bloodstone
0%
Vengeance of the Bloodstone Gem Elsa Bloodstone
0%
Mental Discipline Emma Frost
0%
Shadowed Thoughts Emma Frost
0%
Psychic Link Emma Frost
0%
Diamond Form Emma Frost
0%
Enchant the Senses Enchantress
0%
Soul Sacrifice Enchantress
0%
Irresistible Bribe Enchantress
0%
Unending Anguish Enchantress
0%
Rapid Reinforcements Falcon
0%
Scout the Battlefield Falcon
0%
Talk with Birds / Squawk Back Falcon / Redwing
0%
Attune / Atone Falcon & Winter Soldier
0%
Relocate / Reload Falcon & Winter Soldier
0%
New Wings / New Plan Falcon & Winter Soldier
0%
Captain America's Legacy Falcon & Winter Soldier
0%
Human Torch Fantastic Four United
0%
Thing Fantastic Four United
0%
Invisible Woman Fantastic Four United
0%
Mr. Fantastic Fantastic Four United
0%
Sentient Bullets Fantomex
0%
Three Brains Fantomex
0%
Weapon XIII Fantomex
0%
Reboot Forge
0%
Overdrive Forge
0%
Steel Warrior Freedom Fighters
0%
Xolum Freedom Fighters
0%
Veb Freedom Fighters
0%
Freedom Forever Freedom Fighters
0%
Stack the Deck Gambit
0%
Card Shark Gambit
0%
Hypnotic Charm Gambit
0%
High Stakes Jackpot Gambit
0%
Bounty Hunter Gamora
0%
Deadliest Woman in the Universe Gamora
0%
Godslayer Blade Gamora
0%
Sharpen Blades Gamora
0%
Resourceful Fugitive Gamora
0%
Retractable Sword Gamora
0%
Stolen Necroblaster Gamora
0%
Assassin's Stealth Gamora, Destroyer of Thanos
0%
Tactical Insight Gamora, Destroyer of Thanos
0%
Wield the Blade of Thanos Gamora, Destroyer of Thanos
0%
Titanicide Gamora, Destroyer of Thanos
0%
Destroy an Infinity Stone Gamora, Destroyer of Thanos
0%
Forgive / Resent Gamora / Nebula
0%
To My Last Breath General Okoye
0%
Lead the Dora Milaje General Okoye
0%
Sovereign Bodyguard General Okoye
0%
Direct the Agents of Wakanda General Okoye
0%
Blazing Hellfire Ghost Rider
0%
Infernal Chains Ghost Rider
0%
Penance Stare Ghost Rider
0%
Cyber-Specter Ghost Rider 2099
0%
Hell Ride Ghost Rider 2099
0%
Death Beyond Death Ghost Rider 2099
0%
Infernal Chainsaw Ghost Rider 2099
0%
Don't Make Me Angry Gladiator Hulk
0%
The Green Scar Gladiator Hulk
0%
Double-Fisted Smashing Gladiator Hulk
0%
Brilliant Biochemist / Massive Warrior Goliath
0%
Growth Industry Goliath
0%
Being Big is Best Goliath
0%
Enormous Implications Goliath
0%
Lockjaw, Inhuman's Best Friend Gorgon
0%
Stomping Shockwave Gorgon
0%
Trample Underhoof Gorgon
0%
Lead the Inhuman Elite Gorgon
0%
Pumpkin Bombs Green Goblin
0%
Unstable Kidnapper Green Goblin
0%
Experimental Goblin Serum Green Goblin
0%
Mace of Chains Greithoth
0%
Break the Will to Resist Greithoth
0%
Body of Uru Greithoth
0%
Surviving Sprig Groot
0%
Prune the Growths Groot
0%
Groot and Branches Groot
0%
I Am Groot Groot
0%
Come On, Nobody Reads Card Names Gwenpool
0%
I'll Rescue You If I Feel Like It Gwenpool
0%
I Heard Keywords are Powerful Gwenpool
0%
I'm the Best at Board Games Gwenpool
0%
Watchful Eye Happy Hogan
0%
Loyal Friend Happy Hogan
0%
Asset Management Happy Hogan
0%
Blinding Burst Havok
0%
Unleash Havok Havok
0%
Concussive Plasma Havok
0%
Radiation Focus Array Havok
0%
Quick Draw Hawkeye
0%
Team Player Hawkeye
0%
Covering Fire Hawkeye
0%
Impossible Trick Shot Hawkeye
0%
Catlike Agility Hellcat
0%
Part-Time PI Hellcat
0%
Demon Sight Hellcat
0%
Second Chance at Life Hellcat
0%
Silver Surfer Heralds of Galactus
0%
Stardust Heralds of Galactus
0%
Crowd Favorite Hercules
0%
Prince of Power Hercules
0%
Son of Zeus Hercules
0%
Manly Dullard / Boy Genius Hercules / Amadeus Cho
0%
Advanced Targeting System High Tech Spider-Man
0%
Recon Drone Connection High Tech Spider-Man
0%
Spider-Grip High Tech Spider-Man
0%
Seek Redemption Hiroim
0%
Save from the Rubble / Hiroim Redeemed Hiroim
0%
Mystic Shadow Priest Hiroim
0%
Blade of the People Hiroim
0%
Traveling Companion Howard the Duck
0%
Rebel Without a Cause Howard the Duck
0%
Right Place, Wrong Time Howard the Duck
0%
Interplanetary Visitor Howard the Duck
0%
Growing Anger Hulk
0%
Crazed Rampage Hulk
0%
Hulk Smash! Hulk
0%
Rage Incarnate Hulk 2099
0%
Push Pain Under the Surface Hulk 2099
0%
Catclysmic Frenzy Hulk 2099
0%
Pound For Pound Hulkbuster Iron Man
0%
Attune Tectonic Transducer Hulkbuster Iron Man
0%
Build the Suit / Ultra-Massive Armor Hulkbuster Iron Man
0%
Final Battle Hulkbuster Iron Man
0%
Half-Kree / Half-Skrull Hulkling
0%
Cellular Regeneration Hulkling
0%
Impersonate Hulkling
0%
Enormous Shapeshifter Hulkling
0%
Call for Backup Human Torch
0%
Flame On! Human Torch
0%
Nova Flame Human Torch
0%
Deep Freeze Iceman
0%
Ice Slide Iceman
0%
Frost Spike Armor Iceman
0%
Impenetrable Ice Wall Iceman
0%
Disappearing Act Invisible Woman
0%
Four of a Kind Invisible Woman
0%
Unseen Rescue Invisible Woman
0%
Invisible Barrier Invisible Woman
0%
Wield the Iron Fist Iron Fist
0%
Ancient Legacy Iron Fist
0%
Living Weapon Iron Fist
0%
Endless Invention Iron Man
0%
Repulsor Rays Iron Man
0%
Arc Reactor Iron Man
0%
Quantum Breakthrough Iron Man
0%
Steam-Powered Arsenal Iron Man Noir
0%
Mechanized Plate Mail Iron Man Noir
0%
Learn from Enemies Iron Man Noir
0%
Adventurers Assemble! Iron Man Noir
0%
Subatomic Size Janet van Dyne
0%
Search for Peace Janet van Dyne
0%
Prepare for War Janet van Dyne
0%
Wasp of Another Generation Janet van Dyne
0%
Quantum Contradiction Janet van Dyne
0%
Finally Found You Janet van Dyne
0%
Psychic Search Jean Grey
0%
Read Your Thoughts Jean Grey
0%
Mind Over Matter Jean Grey
0%
Telekinetic Mastery Jean Grey
0%
Hit and Run Jentorra
0%
Unite the Oppressed Jentorra
0%
Find Your Courage Jentorra
0%
Lead Powerful Allies Jentorra
0%
Conquer the Conqueror Jentorra
0%
Alter Ego Jessica Jones
0%
Crack the Case Jessica Jones
0%
Uncover Hidden Evil Jessica Jones
0%
Creation of Ultron Jocasta
0%
Reprocess Jocasta
0%
Holographic Image Inducer Jocasta
0%
Electromagnetic Eyebeams Jocasta
0%
Carefully Considered Smashing Joe Fixit, Grey Hulk
0%
Ambitious Enforcer / Underworld Boss Joe Fixit, Grey Hulk
0%
Hulk Runs This Town Joe Fixit, Grey Hulk
0%
Unexpected Explosion Jubilee
0%
Prismatic Cascade Jubilee
0%
Size Matters Juggernaut
0%
Crimson Gem of Cyttorak Juggernaut
0%
Runaway Train Juggernaut
0%
Unstoppable Force Juggernaut
0%
Sow Rivalry Karma
0%
Control Like a Puppet Karma
0%
Brilliant Strategist Karnak
0%
Find Fatal Flaw Karnak
0%
Seek the Center Karnak
0%
Hunt New Prey Killmonger, Spec Ops
0%
No Matter the Price Killmonger, Spec Ops
0%
Violence Leaves Scars Killmonger, Spec Ops
0%
Hostage Rescue Killmonger, Spec Ops
0%
Plot a Betrayal Killmonger, Spec Ops
0%
I'm the King, Baby! Killmonger, Spec Ops
0%
Unseen Protector King Black Panther
0%
Vibranium Claws King Black Panther
0%
Heart-Shaped Herb King Black Panther
0%
Unite the Tribes of Wakanda King Black Panther
0%
Pull the Strings Kingpin
0%
Recruitment Day Kingpin
0%
Import Illegal Weapons Kingpin
0%
Endless Underlings Kingpin
0%
Intangible Qualities Kitty Pryde
0%
Going Through a Phase Kitty Pryde
0%
Ghost in the Machine Kitty Pryde
0%
Lockheed, Kitty's Dragon Kitty Pryde
0%
Move Mountains Korg
0%
Forged by Fire / Lord of Granite Korg
0%
Kronan Tactician Korg
0%
Ceaseless Tracker Kraven
0%
Corner the Prey Kraven
0%
Hunt Down Kraven
0%
He's The Best Around Kraven
0%
Reach for Power Kuurth
0%
Contest of Strength Kuurth
0%
Break Every Bone Kuurth
0%
Dimensional Blade Lady Sif
0%
Weapons Master Lady Sif
0%
Golden Apples of Idunn Lady Sif
0%
Chosen by Asgard Lady Thor
0%
Living Thunderstorm Lady Thor
0%
Bend Steel / Bend Light Legion
0%
Split Personality / Split Eardrums Legion
0%
Channel Time / Channel Fire Legion
0%
Maelstrom of Clashing Powers Legion
0%
All Humans Are Expendable Loki
0%
Illusionary Bindings Loki
0%
Father of Lies Loki
0%
God of Mischief Loki
0%
Fortune Favors the Bold Longshot
0%
Flurry of Blades Longshot
0%
Make My Own Luck Longshot
0%
Escape From Mojo World Longshot
0%
Sweet Christmas Luke Cage
0%
Cautious / Reckless Luke Cage / Jessica Jones
0%
Follow Big Leads Luke Cage Noir
0%
Private Investigations Luke Cage Noir
0%
Unbreakable Cage Luke Cage Noir
0%
Weight of the World Luke Cage Noir
0%
Penance Form M
0%
Three Sisters Combined M
0%
Uncover Family Secrets M
0%
Interweaving Powers M
0%
Rally the New Mutants Magik
0%
Travel Through Limbo Magik
0%
Dimensional Portal Magik
0%
Mutants Will Rule Magneto
0%
Weapons From Scrap Metal Magneto
0%
Master Of Magnetism Magneto
0%
Burn the Fearful Man-Thing
0%
Travel the Nexus of Realities Man-Thing
0%
Eternity of Solitude Man-Thing
0%
Inspire Courage Mantis
0%
Sleep Mantis
0%
Emotional Wave Mantis
0%
Discover the Dead Mantis
0%
Selfless / Selfish Mantis / Ego
0%
Hyper-Adaptive Skeleton Marrow
0%
Bone Shards Marrow
0%
Osteogenesis Marrow
0%
Mental Domination Maximus
0%
Enslave the Will Maximus
0%
Pieces on a Chessboard Maximus
0%
Inhuman Mastery Maximus
0%
Queen of the Inhumans Medusa
0%
Splitting Hairs Medusa
0%
Headstrong Medusa
0%
This Bug Smashes You Miek, the Unhived
0%
Devouring Frenzy Miek, the Unhived
0%
Endless Appetite Miek, the Unhived
0%
Empathic Link Mirage
0%
Nightmare Wolves Mirage
0%
Haunted by the Demon Bear Mirage
0%
Take Cover Mockingbird
0%
Battle Staves Mockingbird
0%
Spymaster Mockingbird
0%
Infinity Formula Mockingbird
0%
Psionic Warning Moondragon
0%
Psychokinetic Blast Moondragon
0%
Lunar Dragon Form Moondragon
0%
Climbing Claws Moon Knight
0%
Mesmerize Morbius
0%
Insatiable Craving Morbius
0%
Scalded by Sunlight Morbius
0%
Twisting Equations Mr. Fantastic
0%
One Gigantic Hand Mr. Fantastic
0%
Ultimate Nullifier Mr. Fantastic
0%
Search Parallel Dimensions Ms. America
0%
Hyper-Cosmic Awareness Ms. America
0%
Big Impact Ms. Marvel
0%
Need to Stretch my Legs Ms. Marvel
0%
Rising Hope Ms. Marvel
0%
Perfect Match Multiple Man
0%
Reabsorb Duplicates Multiple Man
0%
Psychadelic Mist Mysterio
0%
Shifting Decoy Mysterio
0%
Holographic Illusion Mysterio
0%
False Reflection Mysterio
0%
Show Your True Colors Mystique
0%
Hidden Weapons Mystique
0%
Turn The Tide Mystique
0%
Spy Games Mystique
0%
Lead the Armies of Atlantis Namor
0%
Ruler of the Seas Namor
0%
Imperius Rex Namor
0%
Crusing Tsunami Namora
0%
Heart of the Ocean Namora
0%
Herculean Effort / Master of Depths Namora
0%
Turning the Tide Namora
0%
Ruthless Cyborg Nebula
0%
Galactic Rogue Nebula
0%
Illusion Device Nebula
0%
Daring Raid Nebula
0%
Feed my Undersea Legions Nerkkod
0%
Cudgel of the Deep Nerkkod
0%
Break Their Loyalties Nerkkod
0%
Battlefield Promotion Nick Fury
0%
Legendary Commander Nick Fury
0%
Pure Fury Nick Fury
0%
Bamf! Nightcrawler
0%
Blend Into Shadows Nightcrawler
0%
Swashbuckler Nightcrawler
0%
Along for the Ride Nightcrawler
0%
Surprise Attack No-Name, Brood Queen
0%
Appetite for Destruction No-Name, Brood Queen
0%
World-Spanning Hunger No-Name, Brood Queen
0%
Space Cop Nova
0%
Interstellar Hero Nova
0%
Holographic Projection Nova
0%
Draw from the Worldmind Nova
0%
Electromagnetic Wave Nova
0%
Declare Galactic Threat Nova
0%
Mobilize the Nova Corps Nova
0%
Demolition Derby Nul
0%
Otherworldly Maul Nul
0%
Nul Smash! Nul
0%
Break the World Nul
0%
Last Survivor Old Man Logan
0%
Rage Out Old Man Logan
0%
No More Heroes Old Man Logan
0%
Forecast Says Thunder Party Thor
0%
Worthy Challenge Party Thor
0%
Destructive Feast Party Thor
0%
Asgardian Rager Party Thor
0%
Only Son Party Thor
0%
Intuitive Tactician Patriot
0%
Lead the Young Avengers Patriot
0%
Incredible Effort / Effortless Patriot / Kate Bishop
0%
Conflicted Loyalties Peter Parker
0%
Reluctant Celebrity Peter Parker
0%
Protect my Family / Hot Bowl of Soup Peter Parker / Aunt May
0%
Avenger in Training Peter Parker, Homecoming
0%
Heightened Senses Peter Parker, Homecoming
0%
Homemade Web-Shooters Peter Parker, Homecoming
0%
Something is Happening Peter Parker, Homecoming
0%
Liz Peter's Allies
0%
Life & Death Incarnate Phoenix
0%
Driven Mad by Power Phoenix
0%
Reincarnate Phoenix Force Cyclops
0%
Burn Out Phoenix Force Cyclops
0%
Rise from the Ashes Phoenix Force Cyclops
0%
Destruction is Creation Phoenix Force Cyclops
0%
Infrared Conversion Photon
0%
Ultraviolet Radiation Photon
0%
Light the Way Photon
0%
Channel Cosmic Power Phyla-Vell
0%
Quantum Sword Phyla-Vell
0%
Martyr Phyla-Vell
0%
Avatar of Oblivion Phyla-Vell
0%
Electromagnetic Pulse Polaris
0%
Subtle Attunement Polaris
0%
Reverse Polarity Polaris
0%
Kimoyo Beads Princess Shuri
0%
Shock Net Princess Shuri
0%
Become the Next Black Panther Princess Shuri
0%
Psionic Astral Form Professor X
0%
Class Dismissed Professor X
0%
Telepathic Probe Professor X
0%
Mind Control Professor X
0%
Inspiration Through Power Proxima Midnight
0%
Master Combatant Proxima Midnight
0%
General of the Black Order Proxima Midnight
0%
Supernova Spear Proxima Midnight
0%
Avert Future Tragedy Psi-Lord
0%
Interdimensional Rescue Psi-Lord
0%
Slip the Timestream Psi-Lord
0%
Psychic Knife Psylocke
0%
Precognition Psylocke
0%
Butterfly Effect Psylocke
0%
Telepathic Ninjutsu Psylocke
0%
Boom Goes the Dynamite Punisher
0%
Hail of Bullets Punisher
0%
Hostile Interrogation Punisher
0%
Going Underground Quake
0%
Aftershock Quake
0%
Tectonic Wave Quake
0%
Roil the Earth Quake
0%
Manipulate Gravitons Quasar
0%
Cosmic Champion Quasar
0%
The Quantum Bands Quasar
0%
The Star Brand Quasar
0%
Hurricane Winds Queen Storm of Wakanda
0%
Torrential Downpour Queen Storm of Wakanda
0%
Forked Lightning Queen Storm of Wakanda
0%
Thunderous Tempest Queen Storm of Wakanda
0%
Too Fast to See Quicksilver
0%
Perpetual Motion Quicksilver
0%
Around the World Punch Quicksilver
0%
Down in the Dregs Ravage 2099
0%
Toxic Mutations Ravage 2099
0%
Detct Vibrations Ravage 2099
0%
Overhorns and Underhorns Ravage 2099
0%
Sleeper Agent Red Guardian
0%
Magnetic Shield Red Guardian
0%
Death Was Only a Ruse Red Guardian
0%
Champion of the Winter Guard Red Guardian
0%
Seek the Nega-Bands / Captain Marvel Rick Jones
0%
Irradiated Blood / A-Bomb Rick Jones
0%
Underground Cave-In Rictor
0%
Unearth Tectonic Power Rictor
0%
Trace the Fault Lines Rictor
0%
Passion / Compassion Rocket & Groot
0%
Don't Press this Button / Press the Button Rocket & Groot
0%
Gravity Mines Rocket & Groot
0%
Tricky / Simple Rocket & Groot
0%
We are Groot Rocket & Groot
0%
Gritty Scavenger Rocket Raccoon
0%
Trigger Happy Rocket Raccoon
0%
Incoming Detector Rocket Raccoon
0%
Energy Drain Rogue
0%
Borrowed Brawn Rogue
0%
Steal Abilities Rogue
0%
Universal Weapon Ronan the Accuser
0%
Rally Kree Warriors Ronan the Accuser
0%
Accuse Enemies of the Empire Ronan the Accuser
0%
Seek the Infinity Gems Ronan the Accuser
0%
Storm of Arrows Ronin
0%
Haunted by Loss Ronin
0%
Brooding Fury Ronin
0%
Guerrilla Warfare Ruby Summers
0%
Heir to Legends Ruby Summers
0%
Form of Solid Ruby Ruby Summers
0%
Extinction Blast Ruby Summers
0%
Take One For The Team Sabretooth
0%
Stealthy Predator Sabretooth
0%
Upper Hand Sabretooth
0%
Flip Out Scarlet Spider
0%
Perfect Hunter Scarlet Spider
0%
Leap from Above Scarlet Spider
0%
Sting of the Spider Scarlet Spider
0%
Hex Bolt Scarlet Witch
0%
Alter Reality Scarlet Witch
0%
Warp Time and Space Scarlet Witch
0%
Petty Larceny Scott Lang, Cat Burglar
0%
Shocking Support Scott Lang, Cat Burglar
0%
X-Con Security Van Scott Lang, Cat Burglar
0%
Anything for Cassie Scott Lang, Cat Burglar
0%
Putting a Crew Together Scott Lang, Cat Burglar
0%
The Big Score Scott Lang, Cat Burglar
0%
Rival Personalities Sentry
0%
Mournful Sentinel / The Void Unchained Sentry
0%
Vast Unstable Power Sentry
0%
Shuffling Footwork Shang-Chi
0%
Acrobatic Kung-Fu Shang-Chi
0%
Seek the Empty Mind Shang-Chi
0%
Muscle Memory Shang-Chi
0%
Strive for Greatness Shatterstar
0%
Gladiator's Blades Shatterstar
0%
Bioelectric Surge Shatterstar
0%
Gene-Spliced Creation Shatterstar
0%
Window of Opportunity She-Hulk
0%
Radioactive Riot She-Hulk
0%
Long-Range Spider-Sense Silk
0%
Cascading Maneuver Silk
0%
Borrowed Cloaking Device Silk
0%
Warp Speed Silver Surfer
0%
Epic Destiny Silver Surfer
0%
The Power Cosmic Silver Surfer
0%
Energy Surge Silver Surfer
0%
Hypnotic Call Siryn
0%
Three-Octave Arpeggio Siryn
0%
Splintering Shriek Siryn
0%
Scarred Past Skaar, Son of Hulk
0%
Anger Management Skaar, Son of Hulk
0%
Mood Swings / Raging Savage Skaar, Son of Hulk
0%
Planetary-Level Revenge Skaar, Son of Hulk
0%
Dark Prophecy Skadi
0%
Ancient Oath of Hydra Skadi
0%
War Banner of Hydra Skadi
0%
Towering Leader Skirn
0%
Underhanded Dealings Skirn
0%
Titanic Bludgeon Skirn
0%
Break Your Hopes Skirn
0%
Saturday Morning Harpoons Slapstick
0%
Napoleon Complex Slapstick
0%
Surprise Chainsaw Slapstick
0%
Electroplasmic Insanity Slapstick
0%
Half-Cocked Solo
0%
Guns on my Guns Solo
0%
Invade the Inferno Soulsword Colossus
0%
Steel Interception Soulsword Colossus
0%
Accelerate Speed
0%
Speedy Delivery Speed
0%
Race to the Rescue Speed
0%
Break the Sound Barrier Speed
0%
Reckless Rescue Attempt Speedball
0%
Bounce Around Speedball
0%
Kinetic Force Field Speedball
0%
Double Down / Bubble Up Speedball / Namorita
0%
Save the Day Spider-Gwen
0%
First Adventure Spider-Gwen
0%
Intertwining Webs Spider-Gwen
0%
Astonishing Strength Spider-Man
0%
Great Responsibility Spider-Man
0%
Web-Shooters Spider-Man
0%
Retractable Talons Spider-Man 2099
0%
Venomous Fangs Spider-Man 2099
0%
Spider-Silk Webbing Spider-Man 2099
0%
Spider-Sense Telepathy Spider-Man 2099
0%
Webs of Darkness Spider-Man Noir
0%
Solve the Crime Spider-Man Noir
0%
Radioactive Spider Spider-Woman
0%
Bioelectric Shock Spider-Woman
0%
Venom Blast Spider-Woman
0%
Find Tiny Friends Squirrel Girl
0%
Nut Punch Squirrel Girl
0%
Squirrelgility Squirrel Girl
0%
Unbeatable Squirrel Girl Squirrel Girl
0%
Element Guns Star-Lord
0%
Legendary Outlaw Star-Lord
0%
Implanted Memory Chip Star-Lord
0%
Sentient Starship Star-Lord
0%
Starship Sensors Star-Lord
0%
Borrowed Nova Blaster Star-Lord
0%
Don't Need that Stuff Star-Lord
0%
Fight or Flight Star-Lord T'Challa
0%
Interstellar Adventures Star-Lord T'Challa
0%
Plan the Heist Star-Lord T'Challa
0%
Unexpected Exit Star-Lord T'Challa
0%
Cross the Multiverse Star-Lord T'Challa
0%
Colliding Dreams Star-Lord T'Challa
0%
Give / Take Star-Lord / Yondu
0%
Growing Confidence Stature
0%
Trample the Tiny Stature
0%
Find Mutants with Cerebro Stepford Cuckoos
0%
Shared Thoughts Stepford Cuckoos
0%
Telepathic Warning Stepford Cuckoos
0%
Mind Wipe Stepford Cuckoos
0%
International Stike Force Steve Rogers, Director of S.H.I.E.L.D.
0%
Reassign to Civilan Duty Steve Rogers, Director of S.H.I.E.L.D.
0%
Shadow of Wars Past Steve Rogers, Director of S.H.I.E.L.D.
0%
Save the World Steve Rogers, Director of S.H.I.E.L.D.
0%
Superpowered Swimsuit Stingray
0%
Deck Chairs on the Titanic Stingray
0%
Sting of the Stingray's Sting Stingray
0%
Gathering Stormclouds Storm
0%
Lightning Bolt Storm
0%
Spinning Cyclone Storm
0%
Tidal Wave Storm
0%
Gathering Rain Clouds / Gathering Clues Storm & Black Panther
0%
Lightning Strike / Pouncing Strike Storm & Black Panther
0%
Tsunami of Water / Tsunami of Justice Storm & Black Panther
0%
King & Queen of Wakanda Storm & Black Panther
0%
Absorb Kinetic Energy Strong Guy
0%
Go Big Strong Guy
0%
Treasure Hunt Strong Guy
0%
Absorb Radiation Sunspot
0%
Thermokinetic Fury Sunspot
0%
Empyreal Force Sunspot
0%
Armor Upgrades Superior Iron Man
0%
Superior to Others Superior Iron Man
0%
Stretching Credibility Super-Skrull
0%
Transparent Motives Super-Skrull
0%
Put to the Torch Super-Skrull
0%
Dark Strength Symbiote Spider-Man
0%
Spider-Sense Tingling Symbiote Spider-Man
0%
Shadowed Spider Symbiote Spider-Man
0%
Transdimensional Overlord Thanos
0%
Utter Annihilation Thanos
0%
Astral Confrontation The Ancient One
0%
Teachings of Kamar-Taj The Ancient One
0%
War of the Mind The Ancient One
0%
The Orb of Agamotto The Ancient One
0%
Patriotic Chomp The Captain and the Devil
0%
Feeding Grounds The Captain and the Devil
0%
Dino-Roar of Triumph The Captain and the Devil
0%
Hoggoth The Vishanti
0%
Agamotto The Vishanti
0%
The Book of the Vishanti The Vishanti
0%
Fandral the Dashing The Warriors Three
0%
Hogun the Grim The Warriors Three
0%
Volstagg the Valiant The Warriors Three
0%
Three Stand As One The Warriors Three
0%
It Started on Yancy Street Thing
0%
Crime Stopper Thing
0%
It's Clobberin' Time! Thing
0%
Surge of Power Thor
0%
Call Lightning Thor
0%
God of Thunder Thor
0%
Test of Virtue Thor
0%
Mjolnir Thor
0%
Royal Decree Thor
0%
Friendship / Ferocity Tigra
0%
Supernatural Senses Tigra
0%
Can't Surprise a Cat Tigra
0%
Mystic Talisman Tigra
0%
Throw Over the Railing Time-Traveling Jean Grey
0%
Bridge to a Better Future Time-Traveling Jean Grey
0%
Telekinesis Time-Traveling Jean Grey
0%
Change History Time-Traveling Jean Grey
0%
Genius, Billionaire... Tony Stark
0%
Stay out of Trouble Tony Stark
0%
As Usual, I Did All the Work Tony Stark
0%
Growing Pains Totally Awesome Hulk
0%
7th Smartest Man in the World Totally Awesome Hulk
0%
Diverging Timestreams Uatu, the Watcher
0%
Another Dimension Crumbles Uatu, the Watcher
0%
Anoint a Champion Uatu, the Watcher
0%
History Repeats Uatu, the Watcher
0%
Convoke the Guardians Uatu, the Watcher
0%
Marvel Team-Up Ultimate Spider-Man
0%
Leaping Spider Ultimate Spider-Man
0%
Hero From Another Dimension Ultimate Spider-Man
0%
Encephalo-Ray Ultron
0%
Army of Ultrons Ultron
0%
Genetic Experimentation Ultron
0%
Molecular Rearrangement Ultron
0%
Dragonfang Valkyrie
0%
Flying Stallion Valkyrie
0%
Usher to Valhalla Valkyrie
0%
Ride of the Valkyries Valkyrie
0%
Symbiote Takeover Venom
0%
Horrify the Populace Venom
0%
Ravenous Greed Venom
0%
Devouring Drool Venom
0%
Razor Teeth Venom
0%
Symbiotic Adaptation Venom
0%
Cauldron of the Cosmos Venomized Dr. Strange
0%
See Future Timelines Venomized Dr. Strange
0%
Complete the Grand Ritual Venomized Dr. Strange
0%
Crystal of Kadavus Venomized Dr. Strange
0%
Shenanigans Venompool
0%
Can I Get a Little Gratitude? Venompool
0%
Hungry for Action Venom Rocket
0%
Spring the Trap Venom Rocket
0%
Serious Overkill Venom Rocket
0%
Ultimate Survivor Venom Rocket
0%
Solar Energy Vision
0%
Through Solid Objects Vision
0%
Lighter than Air / Harder than Diamond Vision
0%
Insubstantial Accomplishments Vision
0%
Walking Wi-Fi Viv Vision
0%
Crowdsourcing Viv Vision
0%
Alter Molecular Density Viv Vision
0%
We Have to Destroy It Wanda & Vision
0%
Witchcraft Wanda & Vision
0%
Rage / Grief Wanda & Vision
0%
Magic / Science Wanda & Vision
0%
Odd Couple Wanda & Vision
0%
Analyze Planetary Rotation Warlock
0%
Techo-Organic Adaptation Warlock
0%
Nanite Shapeshifter Warlock
0%
Simulated Target Practice War Machine
0%
Military-Industrial Complex War Machine
0%
Overwhelming Firepower War Machine
0%
Grim Tracker Warpath
0%
Dangerous Maneuver Warpath
0%
Superhuman Senses Warpath
0%
Bio-Electric Sting Wasp
0%
Swarm Tactics Wasp
0%
Founding Avenger Wasp
0%
Master Physicist Wasp
0%
Positive Ions Wasp
0%
Follow my Lead Wasp
0%
Infiltrate Wasp
0%
Hope Returns Wasp
0%
The Future of Warfare Weapon H
0%
Evolving Abilities Weapon H
0%
Slice and Smash Weapon H
0%
Ultimate Killing Machine Weapon H
0%
Raging Regeneration Weapon X (Wolverine)
0%
Violent Conditioning Weapon X (Wolverine)
0%
Starlit Path Werewolf by Night
0%
Snarling Fangs Werewolf by Night
0%
Track the Captives Werewolf by Night
0%
Dark Influence of the Hand White Tiger
0%
Amulets of the Tiger God White Tiger
0%
Shadowed Resurrection White Tiger
0%
Secret Assignment White Wolf
0%
Cloaking Tech Ambush White Wolf
0%
Command the Hatut Zeraze White Wolf
0%
Reflective Vibranium Armor White Wolf
0%
Sorcerous Illusions Wiccan
0%
Astral Projection Wiccan
0%
Clairvoyance Wiccan
0%
Supersonic Spells / Supersonic Speed Wiccan / Speed
0%
Bionic Arm Winter Soldier
0%
Sniper Nest Winter Soldier
0%
KGB Training Winter Soldier
0%
Wolf Out Wolfsbane
0%
Night Vision Wolfsbane
0%
Howl at the Moon Wolfsbane
0%
Healing Factor Wolverine
0%
Berserker Rage Wolverine
0%
Sudden Ambush Wolverine
0%
No Mercy Wolverine
0%
Reckless Abandon Wolverine
0%
One-Hit Wonder Wonder Man
0%
Ionic Energy Wonder Man
0%
Absorb Ambient Power Wonder Man
0%
8th Wonder of the World Wonder Man
0%
Bridge Between Dimensions Wong, Master of the Mystic Arts
0%
Searing Shards of Sunlight Wong, Master of the Mystic Arts
0%
Seal the Rift Wong, Master of the Mystic Arts
0%
Face Your Demons Wong, Master of the Mystic Arts
0%
Adamantium Foot Claws X-23
0%
Healing Factor Genome X-23
0%
Bioengineered Assassin X-23
0%
Heir to Wolverine X-23
0%
Strike and Fade Yelena Belova
0%
Unveil Identity Yelena Belova
0%
Twilight Ops Yelena Belova
0%
Destroy the Red Room Yelena Belova
0%
Interstellar Hunter Yondu
0%
Anticipate their Movements Yondu
0%
Space Pirate Yondu
0%
No matching quizzes found
Score Distribution
Percent of People with Each Score
Percentile by Number Answered
Your Score History
You have not taken this quiz since the last reset